| 000 | 01080nam a22003737a 4500 | ||
|---|---|---|---|
| 005 | 20260306195531.0 | ||
| 008 | 210617b2019 xxu||||| |||| 00| 0 spa d | ||
| 020 | _a9789587717754 | ||
| 041 | _aESP | ||
| 082 | _a808.0665 C579r2 | ||
| 100 | _aCisneros Estupiñán, Mireya | ||
| 100 | _aOlave Arias, Giohanny | ||
| 245 | _aRedacción y publicación de artículos científicos: enfoque discursivo | ||
| 250 | _a2 edición | ||
| 260 | _aColombia | ||
| 260 | _bEcoe Ediciones | ||
| 260 | _c2019 | ||
| 300 | _a164 páginas | ||
| 490 | _aTemática General | ||
| 505 | _aÍndice de tablas y figuras | ||
| 650 | _aESCRITURA CIENTÍFICA | ||
| 650 | _aREDACCIÓN ACADÉMICA | ||
| 650 | _aDISCURSO ACADÉMICO | ||
| 650 | _aPUBLICACIONES CIENTÍFICAS | ||
| 650 | _aPRODUCCIÓN CIENTÍFICA | ||
| 650 | _aELEMENTOS LINGÜÍSTICOS | ||
| 650 | _aARTÍCULOS CIENTÍFICOS | ||
| 650 | _aARTÍCULO DE REVISIÓN | ||
| 650 | _aFUENTES BIBLIOGRÁFICAS | ||
| 650 | _aCITACIÓN | ||
| 650 | _aREFERENCIAS BIBLIOGRÁFICAS | ||
| 650 | _aPUBLICACIÓN | ||
| 942 |
_cBK _2ddc |
||
| 999 |
_c13048 _d13048 |
||